| 000 | 00000nas##2200000za#4500 |
|---|---|
| 001 | 9.514179 |
| 003 | CaOODSP |
| 005 | 20200325124936 |
| 007 | ta |
| 008 | 150406c2000||||xxc|| p #||||f| |0eng|d |
| 022 | |a1206-0062 |
| 040 | |aCaOODSP|beng |
| 043 | |an-cn--- |
| 086 | 1 |aC12-20E |
| 110 | 1 |aCanada. |bIndustry Canada. |
| 245 | 10|aSchoolNet magazine / |cPublished by Canada's SchoolNet. |
| 260 | |aToronto - Ontario : |bIndustry Canada |
| 310 | |aIrregular |
| 563 | |aSoftcover |
| 775 | 08|tRescol revue / |w(CaOODSP)9.512608 |
| 776 | 0#|tSchoolnet magazine : |w(CaOODSP)9.504363 |